[Event "POL-chT IV GrB"]
[Site "Konin"]
[Date "2011.03.13"]
[Round "5"]
[White "Chwilkowski, Gabriel"]
[Black "Mantorski, Robert"]
[Result "0-1"]
[WhiteElo "1953"]
[BlackElo "1973"]
[PlyCount "52"]
[EventDate "2011.01.23"]
[EventType "team-tourn"]
[EventRounds "9"]
[EventCountry "POL"]
[SourceTitle "EXT 2019"]
[Source "ChessBase"]
[SourceDate "2018.10.10"]
[SourceVersion "1"]
[SourceVersionDate "2018.10.10"]
[SourceQuality "1"]
[WhiteTeam "Nowe Skalmierzyce Pogon"]
[BlackTeam "Witkowo Jurand"]
[WhiteTeamCountry "POL"]
[BlackTeamCountry "POL"]

1. a3 d5 2. d4 Nf6 3. Nf3 Bg4 4. h3 Bxf3 5. exf3 e6 6. Bd3 c5 7. dxc5 Bxc5 8. b4 Be7 9. Bb2 Nbd7 10. f4 Qc7 11. Qf3 a5 12. c3 0-0 13. 0-0 Nb6 14. g4 Na4 15. Bc1 Rfc8 16. Bd2 Nd7 17. Bb5 Nab6 18. Rc1 Nc4 19. Be1 Ndb6 20. Nd2 Nd6 21. Bd3 axb4 22. cxb4 Qxc1 23. Rxc1 Rxc1 24. Qe3 Nd7 25. Nb3 Rcc8 26. Bb5 Nxb5 0-1

[Event "POL-chT IV GrB"]
[Site "Konin"]
[Date "2011.01.23"]
[Round "2"]
[White "Smagalski, Jaroslaw"]
[Black "Chwilkowski, Gabriel"]
[Result "0-1"]
[WhiteElo "1934"]
[BlackElo "1953"]
[PlyCount "132"]
[EventDate "2011.01.23"]
[EventType "team-tourn"]
[EventRounds "9"]
[EventCountry "POL"]
[SourceTitle "EXT 2019"]
[Source "ChessBase"]
[SourceDate "2018.10.10"]
[SourceVersion "1"]
[SourceVersionDate "2018.10.10"]
[SourceQuality "1"]
[WhiteTeam "Konin Hetman II"]
[BlackTeam "Nowe Skalmierzyce Pogon"]
[WhiteTeamCountry "POL"]
[BlackTeamCountry "POL"]

1. e4 e5 2. Nf3 Nc6 3. Bc4 Bc5 4. 0-0 d6 5. d3 Bg4 6. Be3 Nd4 7. Bxd4 Bxd4 8. c3 Bb6 9. Nbd2 Ne7 10. Qb3 0-0 11. Rae1 Ng6 12. h3 Bd7 13. d4 a5 14. Kh1 a4 15. Qc2 Kh8 16. Bd3 Nf4 17. Nc4 Qf6 18. Nxb6 cxb6 19. dxe5 Qh6 20. Ng1 dxe5 21. Re3 g5 22. f3 Rg8 23. Rf2 Rg7 24. Bf1 g4 25. fxg4 Nxg2 26. Rd3 Ne3 27. Rxe3 Qxe3 28. Rf3 Qh6 29. Kg2 Rd8 30. Qf2 Bc6 31. Qe1 Qd2+ 32. Qxd2 Rxd2+ 33. Rf2 Bxe4+ 34. Kg3 Rxf2 35. Kxf2 f5 36. gxf5 Bxf5 37. a3 Be4 38. Ne2 Rf7+ 39. Ke1 Bd3 40. Bg2 Bb5 41. Bd5 Rd7 42. c4 Bc6 43. Nc3 Kg7 44. Ke2 Kf6 45. Bxc6 bxc6 46. Nxa4 Rb7 47. Ke3 Kf5 48. Nc3 e4 49. Ne2 Rd7 50. Ng3+ Ke5 51. Nxe4 Rg7 52. a4 Rg1 53. Kd3 Rd1+ 54. Nd2 Rh1 55. h4 Rh3+ 56. Kc2 Kd4 57. b3 Rh2 58. Kd1 Kd3 59. Nf1 Rh1 60. Ke1 Kc3 61. c5 bxc5 62. a5 Rxh4 63. Nd2 Rh1+ 64. Nf1 Rh5 65. a6 Re5+ 66. Kf2 Re8 0-1